Vista normal
Vista MARC
Entrada Personal Name
Número de registros utilizados en: 2
001 - CONTROL NUMBER
- control field: 17135
003 - CONTROL NUMBER IDENTIFIER
- control field: DLC
005 - DATE AND TIME OF LATEST TRANSACTION
- control field: 20250603103222.0
008 - FIXED-LENGTH DATA ELEMENTS
- fixed length control field: 840615n| azannaabn |a aaa
010 ## - LIBRARY OF CONGRESS CONTROL NUMBER
- LC control number: n 84105596
- Canceled/invalid LC control number: n 2019023966
035 ## - SYSTEM CONTROL NUMBER
- System control number: (OCoLC)oca01153870
040 ## - CATALOGING SOURCE
- Original cataloging agency: DLC
- Language of cataloging: spa
- Description conventions: rda
- Transcribing agency: Mx-PuUPA
- Modifying agency: DNLM
- Modifying agency: OCoLC
- Modifying agency: DNLM
- Modifying agency: DLC
- Modifying agency: NjUpM
- Modifying agency: Mx-PuUPA
100 1# - HEADING--PERSONAL NAME
- Personal name: Linehan, Marsha,
372 ## - FIELD OF ACTIVITY
- Field of activity: Psicología
- Field of activity: Terapia dialéctica conductual
- Source of term: lcsh
373 ## - ASSOCIATED GROUP
- Associated group: Universidad de Washington
- Source of term: naf
374 ## - OCCUPATION
- Occupation: Profesora universitario
- Occupation: Autora estadounidense
- Occupation: Psicóloga
- Source of term: lcsh
375 ## - GENDER
- Gender: mujer
377 ## - ASSOCIATED LANGUAGE
- Language code: eng
378 ## - FULLER FORM OF PERSONAL NAME
- Fuller form of personal name: Marsha M.
400 1# - SEE FROM TRACING--PERSONAL NAME
- Control subfield: nne
- Personal name: Linehan, Marsha M.
670 ## - SOURCE DATA FOUND
- Source citation: Her Asserting yourself, 1985:
- Information found: CIP t.p. (Dr. Marsha Linehan)
670 ## - SOURCE DATA FOUND
- Source citation: Her Cognitive-behavioral treatment of borderline personality disorder, 1993:
- Information found: CIP t.p. (Marsha M. Linehan, Ph.D.; University of Washington)
670 ## - SOURCE DATA FOUND
- Source citation: DBT® teams, 2019:
- Information found: ECIP t.p. (Marsha M. Linehan)
670 ## - SOURCE DATA FOUND
- Source citation: DBT skills training manual, c2015:
- Information found: title page (Marsha M. Linehan) back cover (developer of DBT; Professor Emeritus of Psychology and Director Emeritus of the Behavioral Research and Therapy Clinics at the University of Washington)